000 00705nam a22002297a 4500
999 _c64848
_d64848
005 20240530110754.0
008 181224s2017 ua g 00| f ara d
017 _a2017/19194
_bمصر. دار الكتب
020 _a9789770934388
040 _aEG-CaGPL
_cEG-CaGPL
082 0 4 _221
_a813.03 /
_bح ن
100 0 _aحسن كمال
245 1 0 _aنسيت كلمة السر /
_cحسن كمال
250 _aط.1
260 _aالقاهرة :
_bدار الشروق ،
_c2017.
300 _a391 ص. ؛
_c19 سم.
650 0 7 _2qrmak
_aالادب العربى
650 0 7 _2qrmak
_aالقصص العربية
651 _2qrmak
942 _2ddc
_cBK